000 00799nam a22002417a 4500
005 20080623145313.0
008 080618t xxu||||| |||| 00| 0 eng d
010 _aENG-90399
020 _c240.00
_a818094025X
035 _aEN-73932
037 _bDBAD / PUB
040 _aDPL
_bEN
082 _a660
100 _aBagavathi Sundari, K.
245 _aApplied chemistry /
_cby K. Bagavathi Sundari
260 _aChennai
_bMJP Publishers
_c2006
260 _a
_b
270 _a47, Nallathambi Street Triplicane,
_bChennai
_e600005
300 _axxiv, 510p.
_c23 cm (Hb)
500 _aIncludes index
942 _cEN
_h660
_2ddc
_mBAG
999 _c13878
_d13878